header

Vanguard or vandals (Record no. 249287)

MARC details
000 -LEADER
fixed length control field 01654nam a22004094a 4500
082 04 - DEWEY DECIMAL CLASSIFICATION NUMBER
Classification number 305.235/096
245 00 - TITLE STATEMENT
Title Vanguard or vandals
260 ## - PUBLICATION, DISTRIBUTION, ETC. (IMPRINT)
Place of publication Leiden ;
-- Boston :
Name of publisher Brill,
Year of publication 2005.
300 ## - PHYSICAL DESCRIPTION
Number of Pages ix, 300 p. :
Other physical details ill., maps.
490 1# - SERIES STATEMENT
Series statement African dynamics,
500 ## - GENERAL NOTE
General note Based on an African Studies Centre conference held in Leiden in April 2003.
650 #0 - SUBJECT ADDED ENTRY--TOPICAL TERM
Topical Term Youth
Topical Term Youth
Topical Term Young adults
Topical Term Conflict of generations
Topical Term Youth and violence
700 1# - ADDED ENTRY--PERSONAL NAME
Personal name Abbink, J.
Personal name Kessel, Ineke van.
856 40 - ELECTRONIC LOCATION AND ACCESS
Uniform Resource Identifier http://site.ebrary.com/lib/rucke/Doc?id=10171699

No items available.

© 2026 Rongo University
Contact us: librarian | system librarian | Rongo university